000
00251nam a22001217a 4500
008
170908b xxu||||| |||| 00| 0 eng d
041
_a
eng
080
_a
91
100
_a
42
101
_a
GJEO
245
_a
RING OF FIRE
_c
BLAIR, L
942
_2
udc
_c
BK
999
_c
26891
_d
26891